书目信息 |
| 题名: |
班级管理典型案例
|
|
| 作者: | 黄长荣 主编 | |
| 分册: | ||
| 出版信息: | 北京 光明日报出版社 2012.5 |
|
| 页数: | 250页 | |
| 开本: | 24cm | |
| 丛书名: | ||
| 单 册: | ||
| 中图分类: | G632.421 , G635.16 | |
| 科图分类: | ||
| 主题词: | 中小学--班级--学校管理--案例 , 中小学--班主任工作--案例 | |
| 电子资源: | ||
| ISBN: | 978-7-5112-2310-4 | |
| 000 | 01024nam0 2200253 45 | |
| 001 | 1356787171 | |
| 005 | 20130515094231.70 | |
| 010 | @a978-7-5112-2310-4@dCNY52.00 | |
| 100 | @a20130108d2012 em y0chiy0121 ea | |
| 101 | 0 | @achi |
| 102 | @aCN@b110000 | |
| 105 | @ak a 000yy | |
| 106 | @ar | |
| 200 | 1 | @a班级管理典型案例@ABan Ji Guan Li Dian Xing An Li@f黄长荣主编@FHuang Chang Rong Zhu Bian |
| 210 | @a北京@c光明日报出版社@d2012.5 | |
| 215 | @a250页@d24cm | |
| 330 | @a本书精选了62篇班级管理典型案例, 真实地记录了我校一线班主任在教育管理过程中的困惑与思索, 心得与体会。无论是学生个体还是群体, 是行为规范还是心理健康, 都充分闪现着班主任教育智慧的光芒, 展示着班主任教育细节的力量。从中体现出的工作艺术, 无不是在“爱”的前提下, 在良好的师生关系的承载下形成的。 | |
| 606 | 0 | @a中小学@x班级@x学校管理@x案例 |
| 606 | 0 | @a中小学@x班主任工作@x案例 |
| 690 | @aG632.421@v5 | |
| 690 | @aG635.16@v5 | |
| 701 | 0 | @a黄长荣@AHuang Chang Rong@4主编 |
| 801 | @aCN@bTANGWEI@c20130108 | |
| 905 | @b0829336-40@dG632.421@e316@f5 | |
| 班级管理典型案例/黄长荣主编.-北京:光明日报出版社,2012.5 |
| 250页;24cm |
| ISBN 978-7-5112-2310-4:CNY52.00 |
| 本书精选了62篇班级管理典型案例, 真实地记录了我校一线班主任在教育管理过程中的困惑与思索, 心得与体会。无论是学生个体还是群体, 是行为规范还是心理健康, 都充分闪现着班主任教育智慧的光芒, 展示着班主任教育细节的力量。从中体现出的工作艺术, 无不是在“爱”的前提下, 在良好的师生关系的承载下形成的。 |
| ● |
| 相关链接 |
|
|
|
|
正题名:班级管理典型案例
索取号:G632.421/316
 
预约/预借
| 序号 | 登录号 | 条形码 | 馆藏地/架位号 | 状态 | 备注 |
| 1 | 0829336 | 208293363 | 第一样本阅览室/ [索取号:G632.421/316] | 在馆 | |
| 2 | 0829337 | 208293372 | 第四借阅区/ [索取号:G632.421/316] | 在馆 | |
| 3 | 0829338 | 208293381 | 第四借阅区/ [索取号:G632.421/316] | 在馆 | |
| 4 | 0829339 | 208293390 | 第四借阅区/ [索取号:G632.421/316] | 在馆 | |
| 5 | 0829340 | 208293407 | 教育系资料室/ [索取号:G632.421/316] | 在馆 |